| 000 -LEADER |
| fixed length control field |
nam a22 a 4500 |
| 003 - CONTROL NUMBER IDENTIFIER |
| control field |
AKMAL |
| 005 - DATE AND TIME OF LATEST TRANSACTION |
| control field |
20170517083055.0 |
| 008 - FIXED-LENGTH DATA ELEMENTS--GENERAL INFORMATION |
| fixed length control field |
170517s1995 my 10 eng d |
| 020 ## - INTERNATIONAL STANDARD BOOK NUMBER |
| International Standard Book Number |
9679787435 (v. 1 : pbk.): |
| Terms of availability |
RM8.00 |
| 040 ## - CATALOGING SOURCE |
| Original cataloging agency |
AKMAL |
| 082 04 - DEWEY DECIMAL CLASSIFICATION NUMBER |
| Classification number |
607 MAH |
| Edition number |
21 |
| 090 00 - LOCALLY ASSIGNED LC-TYPE CALL NUMBER (OCLC); LOCAL CALL NUMBER (RLIN) |
| Classification number (OCLC) (R) ; Classification number, CALL (RLIN) (NR) |
607 |
| Local cutter number (OCLC) ; Book number/undivided call number, CALL (RLIN) |
MAH |
| 100 0# - MAIN ENTRY--PERSONAL NAME |
| Personal name |
Mahathir Mohamad, |
| Titles and words associated with a name |
Tun, |
| Dates associated with a name |
1925- |
| 9 (RLIN) |
41 |
| 245 10 - TITLE STATEMENT |
| Title |
Science, technology and creativity / |
| Statement of responsibility, etc. |
selected speeches by Dr. Mahathir Mohamad, Prime Minister of Malaysia ; edited by Hashim Makaruddin |
| 260 ## - PUBLICATION, DISTRIBUTION, ETC. |
| Place of publication, distribution, etc. |
Subang Jaya : |
| Name of publisher, distributor, etc. |
Pelanduk Publications, |
| Date of publication, distribution, etc. |
1995 |
| 300 00 - PHYSICAL DESCRIPTION |
| Extent |
v. (various pagings) ; |
| Accompanying material [OBSOLETE, CAN/MARC] |
22cm m |
| Dimensions |
cm |
| 650 #0 - SUBJECT ADDED ENTRY--TOPICAL TERM |
| Topical term or geographic name entry element |
Speeches, addresses, etc. |
| 9 (RLIN) |
54 |
| 650 #0 - SUBJECT ADDED ENTRY--TOPICAL TERM |
| Topical term or geographic name entry element |
Science |
| General subdivision |
Addresses, essays, lectures |
| 9 (RLIN) |
218 |
| 650 #0 - SUBJECT ADDED ENTRY--TOPICAL TERM |
| Topical term or geographic name entry element |
Technology |
| General subdivision |
Addresses, essays, lectures |
| 9 (RLIN) |
219 |
| 650 #0 - SUBJECT ADDED ENTRY--TOPICAL TERM |
| Topical term or geographic name entry element |
Technological innovations |
| General subdivision |
Addresses, essays, lectures |
| 9 (RLIN) |
220 |
| 650 #0 - SUBJECT ADDED ENTRY--TOPICAL TERM |
| Topical term or geographic name entry element |
Technology transfer |
| General subdivision |
Addresses, essays, lectures |
| 9 (RLIN) |
221 |
| 700 0# - ADDED ENTRY--PERSONAL NAME |
| Personal name |
Hashim Makaruddin |
| 9 (RLIN) |
58 |
| 942 ## - ADDED ENTRY ELEMENTS (KOHA) |
| Source of classification or shelving scheme |
|
| Koha item type |
Book |